Meisterkapitäne FC Bayern München - Statistiken

Allgemein
  • Dieses Quiz wurde 2.540 mal gespielt
    529 seit der letzten Aktualisierung
  • Das Durchschnittsergebnis liegt bei 26 aus 35
Antwortstatistiken
Jahr Antwort Anmerkung % Korrekt
2018 Manuel Neuer
100%
2019 Manuel Neuer
100%
2020 Manuel Neuer
100%
2021 Manuel Neuer
100%
2022 Manuel Neuer
100%
2023 Manuel Neuer
100%
2025 Manuel Neuer Rekordhalter
100%
2013 Philipp Lahm
97%
2014 Philipp Lahm
97%
2015 Philipp Lahm
97%
2016 Philipp Lahm
97%
2017 Philipp Lahm
97%
2003 Oliver Kahn Erster Torwart
92%
2005 Oliver Kahn
92%
2006 Oliver Kahn
92%
2008 Oliver Kahn
92%
2018 Thomas Müller federführender Ersatz
91%
1972 Franz Beckenbauer erster in München geborener
86%
1973 Franz Beckenbauer
86%
1974 Franz Beckenbauer
86%
1994 Lothar Matthäus
80%
1997 Lothar Matthäus
80%
2010 Mark van Bommel einziger Nicht-Deutscher
62%
2000 Stefan Effenberg
62%
2001 Stefan Effenberg
62%
1980 Paul Breitner
41%
1981 Paul Breitner
41%
1985 Klaus Augenthaler
38%
1986 Klaus Augenthaler
38%
1987 Klaus Augenthaler
38%
1989 Klaus Augenthaler
38%
1990 Klaus Augenthaler
38%
1999 Thomas Helmer
25%
1969 Werner Olk erste Bundesligameisterschaft
7%
1932 Konrad Heidkamp vor Bundesligagründung
3%
Keine übereinstimmenden Quizze gefunden
Verteilung der Resultate
Anzahl Personen mit jedem Resultat
Perzentil nach korrekt beantworteten Fragen
Ihre Resultats-Entwicklung
Sie haben dieses Quiz seit der letzten Aktualisierung nicht gespielt